000 00824nam a2200229Ia 4500
003 CO-CtgCURN
005 20250410234458.0
008 190723s9999 xx 000 0 und d
020 _a958331210X
040 _aCO-CtgCURN
_bspa
_ccoctgcurn
082 _a344.02
_bA973s
100 _aAyala Caceres, Carlos Luis
245 0 _aLegislacion en salud ocupacional y riesgos profesionales /
_cCarlos Luis Ayala Caceres
260 _aBogotá, Colombia :
_bEdiciones Salud Laboral,
_c1999
300 _a913 páginas ;
_c25 centímetros
504 _aIncluye referencias bibliográficas (p. 909-913)
521 _aAREA PROFESIONAL
590 _aPrograma de Derecho_18
650 _aSalud ocupacional
942 _cBK
_h344.02
_iA973s
_2ddc
_n0
999 _c28663
_d28663